000 00636nam a2200169Ia 4500
999 _c2891
_d2891
020 _a0256102236
050 _aHF 5681
_b.B2B46
100 1 _aBernstein, Leopold A.
245 1 0 _aFinancial statement analysis :
_btheory, application, and interpretation /
_cLeopold A. Bernstein.
250 _a5th ed.
260 _aHomewood, Ill. :
_bR.D. Irwin,
_c1993.
300 _axxvii, 1075 p.
500 _aIncludes index.
505 _afinancial statement analysis and the accounting framework Financial statements-the raw material of analysis Financial statement- the main areas of emphasis
650 0 _aFinancial statements.
942 _cBK